000 00212nam a22000857a 4500
008 140619b xxu||||| |||| 00| 0 eng d
020 _cAvailable
082 _28th Ed
245 _aAtkins Physical Chemistry
_cAtkin Peter
999 _c24685
_d24685